Представление документа в формате RUSMARC

ПолеНазваниеЗначение
  Тип записи a
  Библиографический уровень a
001 Контрольный номер RU/CBS_Ul/BASE/512584648
005 Дата корректировки 20240209175158.6
100 Данные общей обработки __
a Данные общей обработки 20160329d2016 ||| 0rusy0189 ca
101 Язык документа 0_
a Язык текста rus
102 Страна публикации __
a Страна публикации RU
105 Кодированные данные (монография) __
a Кодированные данные (монография) y###||||000|y
200 Заглавие и сведения об ответственности 1_
a Заглавие Шли мы дни и ночи, трудно было очень, но баранку не бросал шофёр...
b Общее обозначение материала Текст
e Сведения, относящиеся к заглавию [фронтовые снимки Гвардии сержанта Тимофея Мотина]
f Первые сведения об ответственности Н. Черкшин
300 Общие примечания __
a Общие примечания Ограничения по возрасту - 12+
461 Уровень набора _0
1 2000
a Родина
463 Уровень физической единицы _0
1 001RU/CBS_Ul/BASE/512324584
1 2000
a № 2
v С. 24-29 : фото
1 210
d 2016
600 Персоналии _0
a Персоналии (Фамилия) Мотин
b Персоналии (Имя, инициалы) Т.
606 Тематические рубрики 0_
a Основная рубрика Великая Отечественная война - 1941 - 1945 - Военная фотография
z Хронологическая подрубрика 1941-1945 гг.
610 Ключевые слова 0_
a Ключевые слова войны
610 Ключевые слова 0_
a Ключевые слова Великая Отечественная война
610 Ключевые слова 0_
a Ключевые слова ВОВ
610 Ключевые слова 0_
a Ключевые слова фотографии
610 Ключевые слова 0_
a Ключевые слова военные фотографии
610 Ключевые слова 0_
a Ключевые слова фотографии военные
610 Ключевые слова 0_
a Ключевые слова снимки
610 Ключевые слова 0_
a Ключевые слова военные снимки
610 Ключевые слова 0_
a Ключевые слова снимки военные
686 Индексы других классификаций __
a Классификационный индекс 63.3(2)622.78
2 Код системы ББК
700 Автор _1
a Фамилия Черкшин
b Имя (инициалы) Н.
g Полное личное имя Николай
801 Источник записи _0
a Страна RU
b Организация МБУК ЦБС г. Ульяновска
c Дата составления 20160329
g Правила каталогизации RCR
801 Источник записи _1
a Страна RU
b Организация МБУК ЦБС г. Ульяновска
c Дата составления 20160329
g Правила каталогизации RCR
901 Тип документа __
t Тип документа b
w Контрольный № источника RU/CBS_Ul/BASE/512324584
910 Корректоры записи __
a Корректор записи Библиотека 1
938 Служебная информация __
a Имя БД period